02482cam a22004454i 4500003000900000005001700009008004100026020001800067020001500085035002700100040004000127082002300167100003000190245008900220264010000309300005600409336002100465337002500486338002300511490004500534504004200579505109400621526001001715526001001725526001001735526001001745526000801755526000801763526000801771526000801779526000801787526000801795526000801803610004801811610004701859610004901906650002301955700002801978700003002006PE-LiUPU20250731172853.0160105s2015 pe a rb 000 0 spa d a9789972604423 a997260442X a(Sirsi) i9789972604423 aEXNbengerdacEXNdOCLCOdPE-LiUPU04a286.7325bK69r2201 aKnight, George R,eautor.13aEl remanente y los disidentes /cGeorge R. Knight, Glúder Quispe, Alberto R. Timm. 1aLima, Perú :bUniversidad Peruana Unión :bCentro de Investigación White, Perú,c[2015] a320 páginas :bilustraciones ;c24 centímetros. atext2rdacontent aunmediated2rdamedia avolume2rdacarrier1 a(Serie Herencia Adventista ;vVolumen 3) aBibliografía al final de cada tema.00gEl remanente en la Biblia: un pueblo escogido por gracia y para salvación -- El motivo del remanente en el libro de Apocalipsis -- Breve historia del concepto de remanente en la Iglesia Adventista del Séptimo Día -- Movimientos independientes adventistas: un panorama histórico -- La iglesia entre la Revelación y la cultura -- La fundación de los movimientos disidentes modernos del adventismo, parte 1: El surgimiento de M. L. Andreasen y la Teología de la generación final -- La fundación de los movimientos disidentes modernos del adventismo, parte 2: El rol de preguntas sobre doctrina -- La fundación de los movimientos disidentes modernos del adventismo, parte 3: El nacimiento de la Teología de 1888 de Robert Wieland y Donald Short -- En crisis con el mensaje -- El drama de la apostasía -- La iglesia y sus críticos -- Ataques contra la iglesia remanente y Ellen White en el internet -- Breve reseña biográfica de los principales disidentes de la lglesia Adventista del Séptimo Día -- El término " remanente" en los escritos de Ellen G. White. aSEG42 aSEG41 aSEG40 aSEG39 aP94 aP87 aP86 aP85 aP77 aP76 aP3520aAdventistas del Séptimo DíaxDoctrinas.20aAdventistas del Séptimo DíaxHistoria.20aAdventistas del Séptimo DíaxTeología. 0aIglesia remanente.1 aQuispe, Gluder,eautor.1 aTimm, Alberto R.,eautor.